| 000 | 00454nam a22001937a 4500 | ||
|---|---|---|---|
| 003 | PILC | ||
| 005 | 20160112114443.0 | ||
| 008 | 121115t xxu||||| |||| 00| 0 eng d | ||
| 020 | _a0375829164 | ||
| 050 |
_aPZ 7 _b.H52Ho 2002 |
||
| 082 |
_aFIC _bH623 2002 |
||
| 100 | _aHiaasen, Carl | ||
| 245 |
_aHoot _cCarl Hiaasen. |
||
| 260 |
_aCanada. _bRandom House. _cc2002. |
||
| 300 |
_g20 cm. _a292 p. |
||
| 562 | _e1 | ||
| 942 |
_2lcc _cBK |
||
| 999 |
_c1190 _d1190 |
||